تحميل...

Indian mythology/

التفاصيل البيبلوغرافية
المؤلف الرئيسي: Ioans,Veronica
التنسيق: Printed Book
اللغة:Malayalam
منشور في: London: Paul Hamlyn, 1967.
LEADER 00441nam a2200121Ia 4500
008 111205s9999 xx 000 0 mal d
100 |a Ioans,Veronica 
245 |a Indian mythology/  |c Veronica Ioans 
260 |b Paul Hamlyn,  |a London:  |c 1967. 
300 |a 141p. 
942 |c BK  |2 ddc 
999 |c 209262  |d 209262 
952 |0 0  |1 0  |4 0  |6 R_294_500000000000000_ION_I  |7 0  |9 231476  |a MAL  |b MAL  |c REF  |d 2011-12-05  |g 0.00  |l 0  |o R 294.5 ION/I  |p MAL4450  |r 2015-04-13  |v 0.00  |w 2018-08-20  |y REF